A magyar nemzet története a költök dalaiban

Bibliographic Details
Other Authors: Benedek, Marcell, 1885-1969 (Editor)
Format: Book
Language:Hungarian
PhysicalDescription:219 s. 8°
Published: Budapest Franklin-Társulat Magyar Irod. Intézet És Könyvnyomda Kiadása 1915
Subjects:

MARC

LEADER 00000nam a2200000 a 4500
001 vtls001271426
003 SK-MaSNL
005 20260331203751.0
008 251124s1915 HU 0 hun
035 |a SNK000222543 
040 |a SNK  |b slo  |c SNK  |e AACR2 
041 0 |a hun 
044 |a hu  |c HU 
072 7 |a 821.511.1  |x Ugrofínske literatúry  |2 konspekt 
080 |a 094  |2 2011 
080 |a 82-1  |2 2011 
080 |a 821.511.141  |2 2011 
080 |a 323.1:316.356.4  |2 2011 
080 |a 784.3/.7  |2 2011 
080 |a (=511.141)  |2 2011 
100 1 |a Benedek, Marcell,  |d 1885-1969  |4 edt  |9 204499 
245 1 2 |a A magyar nemzet története a költök dalaiban  |c Összeállitotta Benedek Marcell 
260 |a Budapest  |b Franklin-Társulat Magyar Irod. Intézet És Könyvnyomda Kiadása  |c 1915 
300 |a 219 s.  |c 8° 
500 |a Signet. 
500 |a Kolácia exemplára: 219 s., 8°, 19,5 x 2,5 cm 
500 |a Nesignovaný predslov. Na titulnej strane text: E könyv jelen első kiadásában a 63,125/1915. sz.min.rendelettel középiskolák számára segédkönyvül engedélyeztetett. 
561 |a Prov.: Peč.: Štátna vedecká knižnica v Prešove - Az Eperjesi Széchenyi Kör Könyvtára - A SZMKE Könyvtára Eperjesen - rkp.: A 823 - A. III.  |5 SVKPO: A 25141 
563 |a Väzba: sekundárna, súdobá preväzba, kartón, hnedooranžový mramor. papier, chrbár a rohy - bordové plátno.  |5 SVKPO: A 25141 
650 0 7 |a staré tlače  |2 SNKPH  |9 51683 
650 0 7 |a poézia  |2 SNKPH  |9 1274 
650 0 7 |a maďarská literatúra  |2 SNKPH  |9 1193 
650 0 7 |a národy  |2 SNKPH  |9 4720 
650 0 7 |a piesne  |2 SNKPH  |9 3416 
650 0 7 |a Maďari  |2 SNKPH  |9 18097 
710 2 |a Franklin-Társulat, Magyar irodalmi intézet és könyvnyomda (Budapešť, Maďarsko),  |d 1873-1950  |4 pbl  |9 151052 
852 |a SVKPO  |c Historické fondy  |p A 25141 
958 |a DG 
999 |c 712985  |d 714915 
952 |t P60, <04>, [BOOK], {604}  |a SNK  |b SNK  |y VYP  |7 0  |o snkIC 41914  |i snkF 4968/67  |0 0  |1 0  |4 0  |d 1997-01-10  |l 0  |r 2005-01-01 00:00:00  |w 2026-02-23